Výsledky 22. kola periodických aukcií v RM-Systéme Praha

Abecedne usporiadaný zoznam emitentov-účastinných spoločností s uvedením aukčných kúpnych cien, predaných účastín, objemu obchodu v Kč, dolnej a hornej úrovne cenového pásma pre nasledujúce aukčné kolo.

Guardado en:
Detalles Bibliográficos
Formato: Capítulo de libro
Lenguaje:eslovaco
Materias:
Etiquetas: Agregar Etiqueta
Sin Etiquetas, Sea el primero en etiquetar este registro!

MARC

LEADER 00000naa a2200000 4500
001 r015877
005 20221213114745.7
041 0 |a slo 
044 |a SK 
245 1 0 |a Výsledky 22. kola periodických aukcií v RM-Systéme Praha 
520 |a Abecedne usporiadaný zoznam emitentov-účastinných spoločností s uvedením aukčných kúpnych cien, predaných účastín, objemu obchodu v Kč, dolnej a hornej úrovne cenového pásma pre nasledujúce aukčné kolo. 
610 2 0 |a RM-Systém Praha 
610 2 0 |a aukcie 
610 2 0 |a papiere cenné 
610 2 0 |a obchody mimoburzové 
610 2 0 |a trh kapitálový 
610 2 0 |a Česko 
610 2 0 |a 1994